Acuerdo sobre aspectos socioeconomicos y situación agraria /
El documento presenta los puntos a considerar en el acuerdo sobre aspectos socioeconómicos y la situación agraria de Guatemala, tocando los temas de la democratización, el desarrollo participativo, la participación de la mujer en el desarrollo económico y social, la educación, la salud, el trabajo,...
Сохранить в:
| Соавтор: | |
|---|---|
| Формат: | Текст |
| Язык: | Spanish |
| Опубликовано: |
Guatemala:
CODEHUCA
1996
|
| Предметы: | |
| Метки: |
Добавить метку
Нет меток, Требуется 1-ая метка записи!
|
MARC
| LEADER | 00000 a a2200000 04500 | ||
|---|---|---|---|
| 001 | 24770 | ||
| 003 | cru CIDCACS/IIS | ||
| 005 | 20230707094916.0 | ||
| 008 | 230424e1996 mx ||||| |||| 00| 0 spa d | ||
| 040 | |c CRAI/IIS | ||
| 090 | |a 02.01.01 C733a | ||
| 110 | |a CODEHUCA | ||
| 245 | |a Acuerdo sobre aspectos socioeconomicos y situación agraria / |c CODEHUCA | ||
| 260 | |a Guatemala: |b CODEHUCA |c 1996 | ||
| 300 | |a 24 p. | ||
| 520 | |a El documento presenta los puntos a considerar en el acuerdo sobre aspectos socioeconómicos y la situación agraria de Guatemala, tocando los temas de la democratización, el desarrollo participativo, la participación de la mujer en el desarrollo económico y social, la educación, la salud, el trabajo, la propiedad, impuestos, la política y la gestión pública. | ||
| 650 | |a ECONOMIA | ||
| 650 | |a POLITICA | ||
| 650 | |a SECTOR AGROPECUARIO | ||
| 651 | 0 | |9 142 |a GUATEMALA | |
| 942 | |2 ddc |c LI |h 02.01.01 C733a |i 02803 |6 020101_C733A_02803 | ||
| 999 | |c 10841 |d 10841 | ||
